Truyện thơ các dân tộc thiểu số Việt Nam Q.1 Truyện thơ các dân tộc thiểu số Việt Nam

Truyện thơ các dân tộc thiểu số Việt Nam : truyện thơ Ba Na, Chăm

שמור ב:
מידע ביבליוגרפי
מחבר ראשי: Nguyễn Xuân Kính
מחברים אחרים: Vũ Quang Dũng (b.s.)
פורמט: ספר
שפה:Vietnamese
יצא לאור: H. Khoa học xã hội 2014
נושאים:
תגים: הוספת תג
אין תגיות, היה/י הראשונ/ה לתייג את הרשומה!
Thư viện lưu trữ: Mạng thư viện Đại học Đà Nẵng
LEADER 01917aam a22004578a 4500
001 000020826
003 17273
005 20150401090424.0
008 150327s2014 viesd
020 |d 2000b 
041 0 |a vie 
082 0 4 |2 23  |a 398.80899592  |b NG-K 
100 1 |a Nguyễn Xuân Kính 
245 1 0 |a Truyện thơ các dân tộc thiểu số Việt Nam  |c B.s.: Nguyễn Xuân Kính (ch.b.), Vũ Quang Dũng  |n Q.1  |p Truyện thơ các dân tộc thiểu số Việt Nam 
260 |a H.  |b Khoa học xã hội  |c 2014 
300 |a 431 tr.  |c 21 cm. 
500 |a ĐTTS ghi: Hội Văn nghệ dân gian Việt Nam 
504 |a Thư mục tr.431 
520 3 |a Truyện thơ các dân tộc thiểu số Việt Nam : truyện thơ Ba Na, Chăm 
650 0 4 |2 Bộ TK TVQG  |a Truyện thơ  |x Dân tộc thiểu số  |z Việt Nam 
650 7 |2 Bộ TK TVQG 
651 7 |2 Bộ TK TVQG  |a Việt Nam 
653 |a Dân tộc thiểu số 
653 |a Văn học dân gian 
653 |a Dân tộc Chăm 
653 |a Dân tộc Ba Na 
653 |a Truyện thơ 
655 7 |2 Bộ TK TVQG  |a Truyện thơ 
700 1 |a Vũ Quang Dũng  |e b.s. 
773 |a Nguyễn Xuân Kính  |d H.  |d Khoa học xã hội  |d 2014  |n ĐTTS ghi: Hội văn nghệ Dân gian Việt Nam  |t Truyện thơ các dân tộc thiểu số Việt Nam  |w 640586 
773 |d H,  |d Khoa học xã hội  |d 2014  |t Truyện thơ các dân tộc thiểu số Việt Nam  |w 17272 
OWN |a LSP 
AVA |a UDN50  |b LSP  |d 398.80899592 NG-K  |e available  |t Error 5001 Not defined in file expand_doc_bib_avail.  |f 1  |g 0  |h N  |i 0  |k 1 
999 |a From the UDN01 
AVA |a UDN50  |b LSP  |d 398.80899592 NG-K  |e available  |t Error 5001 Not defined in file expand_doc_bib_avail.  |f 1  |g 0  |h N  |i 0  |k 1 
TYP |a Monograph 
TYP |a Printed language 
980 |a Mạng thư viện Đại học Đà Nẵng